=LDR 00000nam 2200000 4500 =001 INLIS000000000009567 =005 20231002052854 =035 ##$$a 0010-0923000261 =007 ta =008 231002################|##########|#|## =082 ##$$a (R)2023 LKKP-TIA 818 =084 ##$$a (R)2023 LKKP-TIA 818 JUI s =100 #$$a JUISHAR =245 1#$$a Sistem Kerja K3 (Kesehatan dan Keselamatan Kerja) Pada PT. Semen Bosowa Maros : $b Kuliah Kerja Praktek /$c Juishar (20TIA664) =250 ##$$a 2023 =260 ##$$a Makassar :$b Politeknik ATI Makassar - Teknik Industri Agro,$c 2023 =300 ##$$a viii + 26 halaman : $b Tabel;Gambar ; $c 20,5 x 29 cm.$e Bibliografi;Lampiran =650 #4$$a Laporan Praktek TIA 2023 =856 ##$$a OPAC (LKKP TIA 2023) =990 ##$$a 221/LKKP TIA 2023